000 01688nam a2200421 a 4500
999 _c22652
_d22652
001 C00601170
003 OSt
005 20221212105048.0
007 ta
008 210915s2020 pe a gr 00010 spa
017 _a2020-09340
020 _a9786124821899
040 _apelibn
_bspa
_erda
_cpelibn
082 1 4 _a985.019
100 1 _aSetlak, Magdalena,
_eautor.
_948777
245 1 0 _aQuipus y quipucamayoc :
_bcodificación y administración en el antigüo Perú = Quipus and quipucamayoc : encoding and administration in ancient Peru /
_cMagdalena Setlak, Viviana Moscovich, Sabine Hyland y Lucrezia Milillo.
246 3 1 _aQuipus and quipucamayoc : encoding and administration in ancient Peru
250 _aPrimera edición.
264 3 3 _aLima :
_bEY,
_c2020.
264 3 3 _aLima :
_bLettera Gráfica.
300 _a474 páginas :
_bilustraciones en color, diagramas, facsímiles, planos, retratos ;
_c29 cm.
336 _aTexto
_2rdacontent
337 _asin mediación
_2rdamedia
338 _avolumen
_2rdacarrier
504 _aBibliografía: páginas 458-474.
650 1 8 _aQuipus
_z-Perú.
_948778
650 1 8 _aInkas
_91899
650 2 8 _aIncas
_x-Comunicación.
_948779
650 2 8 _aIncas
_x-Matemáticas.
_948780
650 2 8 _aPictografía
_z-Perú
_y-Época Prehispánica.
_948781
650 2 8 _aQuipus
_v-Catálogos.
_948782
700 1 _aMoscovich, Viviana,
_d1990-,
_eautor.
_948783
700 1 _aHyland, Sabine,
_d1964-,
_eautor.
_948784
700 1 _aMilillo, Lucrezia,
_eautor.
_948785
856 _uhttps://assets.ey.com/content/dam/ey-sites/ey-com/es_pe/topics/growth/ey-quipus-y-quipucamayoc-libro.pdf
_zLeer en digital
942 _2ddc
_cLIBROS